Wszystkie oficjalne nazwy Polski - Statystyki

Ogólne statystyki
  • Ten quiz został rozwiązany 12 razy
  • Średni wynik to 10 z 15
Statystyki odpowiedzi
Lata Nazwa % Poprawnych
1989 Rzeczpospolita Polska
88%
1944-1952 Rzeczpospolita Polska
88%
1918-1939 Rzeczpospolita Polska
88%
1917-1918 Królestwo Polskie
75%
1138-1795 Królestwo Polskie
75%
1076-1079 Królestwo Polskie
75%
1025-1031 Królestwo Polskie
75%
1807-1815 Księstwo Warszawskie
75%
1952-1989 Polska Rzeczpospolita Ludowa
75%
1569-1795 Rzeczpospolita Obojga Narodów
63%
1079-1138 Księstwo Polskie
50%
1031-1076 Księstwo Polskie
50%
960-1025 Księstwo Polskie
50%
1815-1915 Królestwo Kongresowe
38%
1939-1945 Generalne Gubernatorstwo
25%
Nie znaleziono quizów pasujących do podanych kryteriów
Rozkład punktacji
Procent ludzi z każdym wynikiem
Percentyl według liczby udzielonych odpowiedzi
Twoja historia wyników
Nie rozwiązałeś tego quizu